|
|
|
|
| LEADER |
00680nam a2200217Ia 4500 |
| 001 |
CTU_54424 |
| 008 |
210402s9999 xx 000 0 und d |
| 020 |
|
|
|c 26000
|
| 082 |
|
|
|a 808.51
|
| 082 |
|
|
|b P885
|
| 100 |
|
|
|a Powell, Mark
|
| 245 |
|
0 |
|a Kỹ năng thuyết trình tiếng Anh =
|
| 245 |
|
0 |
|b Presenting in English : How to give successful presentations
|
| 245 |
|
0 |
|c Mark Powell
|
| 260 |
|
|
|a Thành phố Hồ Chí Minh
|
| 260 |
|
|
|b Nxb. Thành phố Hồ Chí Minh
|
| 260 |
|
|
|c 2002
|
| 650 |
|
|
|a Public speaking,English language
|
| 650 |
|
|
|x Spoken english
|
| 904 |
|
|
|i Minh,Qhieu
|
| 980 |
|
|
|a Trung tâm Học liệu Trường Đại học Cần Thơ
|